00858nam a2200229 a 4500001001000000003000500010005001700015008004100032010001100073011001100084040000900095100003500104245013900139260004100278500006000319502007700379650001800456650002300474650002600497650003500523856007000558000111189CHAP20220329144201.0150115s2014 mx a fsm |||||||spa d a107651 a108623 cCHAP1 aGranados Ruiz, María Cecilia10aDeterminación de antioxidantes en granjeno rojo (Condalia velutina I. M. Johnston)h[En línea]cpor María Cecilia Granados Ruiz. aChapingo, Méx. :bEl autor,c2014. aPara ver el contenido del material haga clic en la liga aTesis (Ing. Agr. Esp. en Fitotecnia) -- UACH. Departamento de Fitotecnia14aAntioxidantes14aFrutaxAnálisis.14aFrutaxComposición.14aFrutas silvestres comestibles. aFinding aiduhttp://10.13.5.2/tesis/sist111189.pdfzTeclea aquí